000 00741nam a22002657a 4500
005 20260417180432.0
008 180307b2017 xxu||||| |||| 00| 0 spa d
020 _a9789977136578
041 _aESP
082 _a365.6 M827m
100 _aMora Sánchez, Jeffry José
_941568
245 _aMecanismos electrónicos de seguimientos:entre el panóptico y la prisión electrónica
260 _aCosta Rica
260 _bIJSA
260 _c2017
300 _a264 páginas
490 _aInvestigación Criminal
650 _aMECANISMOS ELECTRÓNICOS
650 _aVIGILANCIA ELECTRÓNICA
650 _aCOSTA RICA
650 _aPRESOS
650 _aPENAS ALTERNATIVAS
650 _aSISTEMAS PENITENCIARIOS
942 _cBK
_2ddc
999 _c10399
_d10399